Statistics for Country Shapes in the World Map #5

Click here to take the quiz!

General Stats

  • This quiz has been taken 29,766 times
  • The average score is 18 of 20

Answer Stats

Country % Correct
Russia
100%
United Kingdom
99%
India
99%
Germany
98%
South Africa
98%
Colombia
94%
Uruguay
92%
Sudan
91%
Afghanistan
88%
United Arab Emirates
88%
Myanmar
88%
Suriname
86%
Hungary
86%
Jordan
86%
Bosnia and Herzegovina
84%
Mali
83%
Guatemala
83%
Ghana
77%
Zambia
75%
Kiribati
68%

Score Distribution

Percentile by Number Answered

Percent of People with Each Score

Your Score History

You have not taken this quiz